The principles of computer hardware / (Record no. 176089)
[ view plain ]
| 000 -LEADER | |
|---|---|
| fixed length control field | 01194 a2200241 4500 |
| 003 - CONTROL NUMBER IDENTIFIER | |
| control field | Nust |
| 005 - DATE AND TIME OF LATEST TRANSACTION | |
| control field | 20221226114833.0 |
| 010 ## - LIBRARY OF CONGRESS CONTROL NUMBER | |
| LC control number | 00267644 |
| 020 ## - INTERNATIONAL STANDARD BOOK NUMBER | |
| International Standard Book Number | 0198564538 (pbk.) |
| 020 ## - INTERNATIONAL STANDARD BOOK NUMBER | |
| International Standard Book Number | 0198564546 (hbk.) |
| 040 ## - CATALOGING SOURCE | |
| Transcribing agency | Nust |
| 082 00 - DEWEY DECIMAL CLASSIFICATION NUMBER | |
| Classification number | 621.39,CIE |
| 100 1# - MAIN ENTRY--PERSONAL NAME | |
| Personal name | Clements, Alan, |
| 9 (RLIN) | 36564 |
| 245 14 - TITLE STATEMENT | |
| Title | The principles of computer hardware / |
| Statement of responsibility, etc. | Alan Clements. |
| 250 ## - EDITION STATEMENT | |
| Edition statement | 2nd ed. |
| 260 ## - PUBLICATION, DISTRIBUTION, ETC. | |
| Place of publication, distribution, etc. | Oxford : |
| Name of publisher, distributor, etc. | Oxford University Press, |
| Date of publication, distribution, etc. | 2000. |
| 300 ## - PHYSICAL DESCRIPTION | |
| Extent | xvi, 716 p. : |
| Other physical details | ill. ; |
| Dimensions | 26 cm. + 1 computer optical disc (4 3/4 in.) |
| 505 ## - FORMATTED CONTENTS NOTE | |
| Formatted contents note | Introduction to Computer Hardware (Page-1), Logic Elements and Boolean Algebra (Page-21), Sequential Logic (Page-83), Computer Arithmetic (Page-141), The Central Processing Unit (Page-227), Assembly Language Programming and the 68000 Microprocessor (Page-289), Input/Output (Page-356), Computer Memory (Page-436), Computer Communications (Page-519), Operating Systems (Page-589). |
| 650 #0 - SUBJECT ADDED ENTRY--TOPICAL TERM | |
| Topical term or geographic name entry element | Electronic digital computers. |
| 856 42 - ELECTRONIC LOCATION AND ACCESS | |
| Materials specified | Publisher description |
| Uniform Resource Identifier | <a href="http://www.loc.gov/catdir/enhancements/fy0608/00267644-d.html">http://www.loc.gov/catdir/enhancements/fy0608/00267644-d.html</a> |
| 856 42 - ELECTRONIC LOCATION AND ACCESS | |
| Materials specified | Table of contents only |
| Uniform Resource Identifier | <a href="http://www.loc.gov/catdir/enhancements/fy0608/00267644-t.html">http://www.loc.gov/catdir/enhancements/fy0608/00267644-t.html</a> |
| 942 ## - ADDED ENTRY ELEMENTS (KOHA) | |
| Source of classification or shelving scheme | |
| Koha item type | Book |
| Withdrawn status | Lost status | Source of classification or shelving scheme | Damaged status | Not for loan | Permanent Location | Current Location | Shelving location | Date acquired | Full call number | Barcode | Date last seen | Price effective from | Koha item type | Public note |
|---|---|---|---|---|---|---|---|---|---|---|---|---|---|---|
| Military College of Signals (MCS) | Military College of Signals (MCS) | General Stacks | 12/12/2016 | 621.39,CLE | MCS31451 | 12/08/2016 | 12/12/2016 | Book | Almirah No.40, Shelf No.1 |
